<?xml version="1.0" encoding="UTF-8"?>
<collection xmlns="http://www.loc.gov/MARC21/slim">
<record>
  <controlfield tag="001">163887</controlfield>
  <controlfield tag="005">20251112155350.0</controlfield>
  <datafield tag="020" ind1=" " ind2=" ">
    <subfield code="a">979-13-87705-03-9</subfield>
  </datafield>
  <datafield tag="024" ind1="7" ind2=" ">
    <subfield code="2">doi</subfield>
    <subfield code="a">10.26754/uz.979-13-87705-03-9</subfield>
  </datafield>
  <datafield tag="037" ind1=" " ind2=" ">
    <subfield code="a">BOOK-2025-513</subfield>
  </datafield>
  <datafield tag="041" ind1=" " ind2=" ">
    <subfield code="a">spa</subfield>
  </datafield>
  <datafield tag="100" ind1=" " ind2=" ">
    <subfield code="a">Latorre Ciria, José Manuel</subfield>
    <subfield code="b"></subfield>
  </datafield>
  <datafield tag="245" ind1=" " ind2=" ">
    <subfield code="a">Clero y religiosidad en el Sur de Aragón: el obispado de Albarracín tras el Concilio de Trento</subfield>
  </datafield>
  <datafield tag="250" ind1=" " ind2=" ">
    <subfield code="a">1ª ed.</subfield>
  </datafield>
  <datafield tag="260" ind1=" " ind2=" ">
    <subfield code="a">Zaragoza</subfield>
    <subfield code="b">Prensas de la Universidad de Zaragoza</subfield>
    <subfield code="c">2025</subfield>
  </datafield>
  <datafield tag="300" ind1=" " ind2=" ">
    <subfield code="a">390</subfield>
  </datafield>
  <datafield tag="500" ind1=" " ind2=" ">
    <subfield code="a">Este libro ha sido publicado con cargo al proyecto de I+D+i PID2021-126470NB-I00, financiado por MCIN/AEI/10.13039/501100011033 y por FEDER, Una manera de hacer Europa. Grupo de Referencia BLANCAS (Historia Moderna) del Gobierno de Aragón H01_23R.</subfield>
  </datafield>
  <datafield tag="520" ind1=" " ind2=" ">
    <subfield code="a">Este libro se ocupa de la historia del obispado de Albarracín desde su separación de Segorbe hasta finales del siglo XVII. Se aborda el estudio de sus obispos, del clero catedralicio, del parroquial y de los diversos conventos masculinos y femeninos. La vida parroquial y las visitas pastorales son, asimismo, objeto de atención, así como algunas manifestaciones de la religiosidad, como las obras pías, las cofradías y las ermitas, el ceremonial religioso desarrollado en la catedral y la evangelización de los moriscos, presentes en varias localidades del obispado.</subfield>
  </datafield>
  <datafield tag="856" ind1="0" ind2=" ">
    <subfield code="f">lplumed@unizar.es</subfield>
  </datafield>
  <datafield tag="856" ind1="4" ind2=" ">
    <subfield code="u">http://zaguan.unizar.es/record/163887/files/BOOK-2025-513.pdf</subfield>
    <subfield code="z">Texto completo</subfield>
  </datafield>
  <datafield tag="909" ind1="C" ind2="O">
    <subfield code="o">oai:zaguan.unizar.es:163887</subfield>
    <subfield code="p">books</subfield>
  </datafield>
  <datafield tag="773" ind1=" " ind2=" ">
    <subfield code="t"></subfield>
  </datafield>
  <datafield tag="540" ind1=" " ind2=" ">
    <subfield code="9">info:eu-repo/semantics/openAccess</subfield>
  </datafield>
  <datafield tag="506" ind1=" " ind2=" ">
    <subfield code="a">by-nc</subfield>
  </datafield>
  <datafield tag="980" ind1=" " ind2=" ">
    <subfield code="a">BOOK</subfield>
    <subfield code="b">PRENSASUZ</subfield>
    <subfield code="b"></subfield>
  </datafield>
</record>
</collection>